000 00845nam a22002417a 4500
005 20170124105922.0
010 _a839052
020 _c00.00
035 _a839052
037 _bCen Lib/Ret
040 _aDPL
_bEN
082 _a327.54051
100 _aPullai, P. V.
_95075
245 _aPerspectives on power, India and China :
_cby P. V. Pullai
_ban analysis of attitudes towards political power in the two countires between c. seventh and second centuries B.C
260 _aNew Delhi
_bManohar Book Services
_c1977
270 _a2, Ansari Road, Darya Ganj
_bNew Delhi
_e110002
300 _axiii, 230p.
_c22cm(Hb)
500 _aIncludes bibliographical references and index
650 _aForiegn policy
_95076
650 _aInternational relations
_975874
650 _z
_975875
942 _2ddc
_cEN
_h327.54051
_mPIL
999 _c123261
_d123261